| 000 | 00000nam##2200000za#4500 |
| 001 | 9.641882 |
| 003 | CaOODSP |
| 005 | 20210624223430 |
| 007 | cr ||||||||||| |
| 008 | 150407|2009||||xxc|||||o f|0| 0 fre|d |
| 040 | |aCaOODSP|bfre |
| 043 | |an-cn--- |
| 086 | 1 |aEn108-4/59-2009F-PDF |
| 110 | 1 |aCanada.|bConseil canadien des ministres de l'environnement. |
| 245 | 10|aRèglement type relatif aux rejets à l'égout : |h[ressource électronique]|bdocument d'orientation / |cpréparé par Marbek Resource Consultants Ltd. |
| 260 | |aWinnipeg - Manitoba : |bConseil canadien des ministres de l'environnement |cc2009. |
| 300 | |a202p. |
| 590 | |a13-13-Supp|b2013-05-21 |
| 775 | 08|tModel sewer use bylaw : |w(CaOODSP)9.697886 |
| 856 | 40|ahttp://publications.gc.ca|qPDF|s1074 Ko|uhttps://publications.gc.ca/collections/collection_2013/ccme/En108-4-59-2009-fra.pdf |
| 986 | |aPN 1422 |